Uniqueness, nonuniqueness and inversion in the x-ray and random [i.e. Radon] problems /
Guardado en:
| Autor Principal: | |
|---|---|
| Otros Autores: | , |
| Formato: | Libro |
| Idioma: | English |
| Publicado: |
[México, D.F.] :
Departamento de Matemáticas, Centro de Investigación y de Estudios Avanzados del I.P.N.,
impresión de 1992.
|
| Etiquetas: |
Agregar Etiqueta
Sin Etiquetas, Sea el primero en etiquetar este registro!
|
| LEADER | 00797nam a22001815a 4500 | ||
|---|---|---|---|
| 001 | MAT.inmabb004962 | ||
| 008 | 080821s1992####mx#a#####b####000#0#eng#d | ||
| 005 | 20170602152815.0 | ||
| 245 | 1 | 0 | |a Uniqueness, nonuniqueness and inversion in the x-ray and random [i.e. Radon] problems / |c John V. Leahy, Kennan T. Smith and Donald C. Solmon. |
| 260 | |a [México, D.F.] : |b Departamento de Matemáticas, Centro de Investigación y de Estudios Avanzados del I.P.N., |c impresión de 1992. | ||
| 300 | |a 71 p. : |b il. ; |c 22 cm. | ||
| 504 | |a Bibliografía: p. 69-71. | ||
| 100 | 1 | |a Leahy, John V. | |
| 700 | 1 | |a Smith, Kennan T. | |
| 700 | 1 | |a Solmon, Donald C. | |
| 246 | 3 | |a Uniqueness, nonuniqueness and inversion in the x-ray and Radon problems | |
| 084 | |a 44A12 (92C55) |2 msc2000 | ||
| 859 | |h 44 |i L434 |p A-7110 |b BIB. MATEMATICA | ||
